| 000 | 01621cam a22004454a 4500 | ||
|---|---|---|---|
| 001 | 77910 | ||
| 005 | 20230410120809.0 | ||
| 008 | 020429s2002 nyua 000 0ceng | ||
| 010 | _a 2002067606 | ||
| 035 | _a(OCoLC)ocm49611514 | ||
| 040 |
_aDLC _cDLC _dBTCTA _dYDXCP _dBAKER _dWIH _dF4B |
||
| 020 | _a0805072225 | ||
| 020 | _a9780805072228 | ||
| 029 | 1 |
_aYDXCP _b1861883 |
|
| 029 | 1 |
_aNZ1 _b6913657 |
|
| 029 | 1 |
_aAU@ _b000023559860 |
|
| 035 | _a(OCoLC)49611514 | ||
| 042 | _apcc | ||
| 043 | _an-us-ny | ||
| 050 | 1 | 4 |
_aHV6432.7 _bP853 2002 |
| 082 | 0 | 0 |
_a974.7/1044/0922 _221 |
| 082 | 1 | 4 |
_a364.1/092/273 _aB _221 |
| 245 | 0 | 0 |
_aPortraits 9/11/01 : _bthe collected "Portraits of grief" from The New York times / _cforeword by Howell Raines ; introduction by Janny Scott. |
| 246 | 3 | 0 | _aPortraits of grief |
| 250 | _a1st ed. | ||
| 260 |
_aNew York : _bTimes Books/Henry Holt and Co., _c2002. |
||
| 300 |
_ax, 558 p. : _bill. ; _c28 cm. |
||
| 650 | 0 |
_aSeptember 11 Terrorist Attacks, 2001 _vBiography. |
|
| 650 | 0 |
_aVictims of terrorism _zNew York (State) _zNew York _vBiography. |
|
| 651 | 0 |
_aNew York (N.Y.) _vBiography. |
|
| 730 | 0 | _aNew York times. | |
| 856 | 4 | 2 |
_3Contributor biographical information _uhttp://www.loc.gov/catdir/bios/hol051/2002067606.html |
| 856 | 4 | 2 |
_3Publisher description _uhttp://www.loc.gov/catdir/description/hol021/2002067606.html |
| 938 |
_aBaker and Taylor _bBTCP _n2002067606 |
||
| 938 |
_aYBP Library Services _bYANK _n1861883 |
||
| 938 |
_aBaker & Taylor _bBKTY _c30.00 _d22.50 _i0805072225 _n0003872011 _sactive |
||
| 942 |
_2lcc _cbk |
||
| 946 | _accruz | ||
| 994 |
_aC0 _bDRFGD |
||
| 999 |
_c52077 _d52077 |
||